000 00772nam a2200241 i 4500
001 bg
100 1 _aADAMIAK, Barbara
_d(1949- )
245 1 0 _aPolskie postępowanie administracyjne i sądowoadministracyjne /
_cBarbara Adamiak, Janusz Borkowski.
250 _aWyd. 4.
260 _aWarszawa :
_bWydawnictwa Prawnicze PWN,
_c1997.
300 _a467, [1] s. ;
_c24 cm.
650 9 _aPostępowanie administracyjne
_zPolska
_ystan na 1997 r.
650 9 _aSądownictwo administracyjne
_zPolska
_ystan na 1997 r.
700 1 _aBORKOWSKI, Janusz
_d(1934- )
015 _aPB 60/99
020 _a8386702761
040 _cBPK
041 0 _apol
080 _a351.077.3:351.95](438)
920 _a83-86702-76-1
942 _cKS
008 s pl f |000 0 pol
999 _c44996
_d44996
856 _uhttp://koha.tu.koszalin.pl/cgi-bin/koha/opac-detail.pl?biblionumber=44996
_yKatalog online BPK